| 000 | 00960nam a2200265Ia 4500 | ||
|---|---|---|---|
| 003 | OSt | ||
| 005 | 20220926003941.0 | ||
| 006 | a|||||r|||| 00| 0 | ||
| 007 | ta | ||
| 008 | 220923b |||||||| |||| 00| 0 eng d | ||
| 020 |
_a8178241242 _c637.5 |
||
| 037 |
_bRKBA\ 09-10\ 4182, 14/12/2010, RAJKIRAN BOOK AGENCY _cGeneral Book |
||
| 040 |
_aRTL _cRTL _beng |
||
| 041 |
_2eng _aeng |
||
| 082 | _aY38:(G:5).49G, P5/TD | ||
| 100 | _aCederlof Gunnel | ||
| 245 | 0 |
_aEcological nationalisms _b Nature, livelihoods, and identities in South Asia |
|
| 260 |
_a New Delhi _bPermanent Black _c2005 |
||
| 300 |
_axiii, 399p Bibliography: P 326-72 _ccm. |
||
| 490 | _aNature, Culture, Conservation | ||
| 650 | _aSociology | ||
| 700 |
_a Sivaramakrishnan K _9270865 |
||
| 942 |
_hY38:(G:5).49G, P5/TD _cGB _2CC |
||
| 999 |
_c609354 _d609354 |
||